000 00245nam a2200097Ia 4500
001 991950
005 20250826221339.0
008 250824s9999 xx 000 0 und d
245 0 _aHAYATA DÖN
_cGÜLSEREN BUDAYICIOĞLU
260 _bREMZİ KİTABEVİ
999 _c991950
_d991950